|
|
|
|
| LEADER |
01068nam a2200253 a 4500 |
| 001 |
3718286 |
| 008 |
090702s1981 enk b 001 0 eng d |
| 010 |
|
|
|a 80041240
|
| 020 |
|
|
|a 0521295564 (pbk.)
|
| 020 |
|
|
|a 0521225183
|
| 040 |
|
|
|a DLC
|c DLC
|d DLC
|
| 082 |
0 |
0 |
|a 401/.9
|2 19
|
| 100 |
1 |
|
|a Elliot, Alison J.
|
| 245 |
1 |
0 |
|a Child language /
|c Alison J. Elliot.
|
| 260 |
|
|
|a Cambridge [Eng.] ;
|a New York :
|b Cambridge University Press,
|c 1981.
|
| 300 |
|
|
|a vi, 194 p. ;
|c 23 cm.
|
| 490 |
0 |
|
|a Cambridge textbooks in linguistics.
|
| 504 |
|
|
|a Includes Bibliography ( p.176-190.) and index.
|
| 541 |
1 |
|
|e 00014552
|
| 650 |
|
0 |
|a Children
|x Language.
|
| 852 |
4 |
|
|a Ayesha Abed Library
|j General shelf
|
| 999 |
|
|
|c 2002
|d 2002
|
| 952 |
|
|
|0 0
|1 0
|2 ddc
|4 1
|6 401_000000000000000__9_ELL_1989
|7 0
|9 1839
|a BRACUL
|b BRACUL
|c SPS
|d 2009-07-05
|g 120.00
|l 6
|m 8
|o 401.9 ELL
|p 3010014552
|r 2016-09-01
|s 2016-08-09
|t 1
|w 2009-07-05
|y BK
|
| 952 |
|
|
|0 0
|1 0
|2 ddc
|4 1
|6 401_000000000000000__9_ELL_1989
|7 0
|9 11620
|a BRACUL
|b BRACUL
|c SPS
|d 2010-07-07
|l 5
|m 4
|o 401.9 ELL
|p 3010014553
|r 2016-08-14
|s 2016-08-08
|t 2
|w 2010-07-07
|y BK
|